000
00225nam a22001097a 4500
040
_c
SK
082
_a
302
100
_a
ឱម សូរិយា
245
_a
Cultural studies
260
_a
Phnom Penh
_b
ឱម
_c
NA
942
_c
KB
999
_c
8532
_d
8532